Central Library OPAC University of Rajshahi

British authors : (Record no. 23754)

MARC details
000 -LEADER
fixed length control field 00925nam a22002532a 4500
001 - CONTROL NUMBER
control field 23754
003 - CONTROL NUMBER IDENTIFIER
rucl marc code BD-RJUL
005 - DATE AND TIME OF LATEST TRANSACTION
control field 20211209000952.0
008 - FIXED-LENGTH DATA ELEMENTS--GENERAL INFORMATION
fixed length control field 140311t1948 enkac 000 0 eng d
035 ## - SYSTEM CONTROL NUMBER
System control number (BD-RjUL)23819
040 ## - CATALOGING SOURCE
Original cataloging agency DLC
Transcribing agency RBN
Modifying agency EQO
-- BD-RjUL
Language of cataloging eng
041 ## - LANGUAGE CODE
Language code of text/sound track or separate title eng
082 04 - DEWEY DECIMAL CLASSIFICATION NUMBER
Classification number 820.904
Author mark and year CHB 1948
100 1# - MAIN ENTRY--PERSONAL NAME
Personal name Church, Richard,
Dates associated with a name 1893-1972
9 (RLIN) 73144
245 10 - TITLE STATEMENT
Title British authors :
Remainder of title a twentieth century gallery /
Statement of responsibility, etc. by Richard Church, with 53 portraits
260 ## - PUBLICATION, DISTRIBUTION, ETC. (IMPRINT)
Place of publication, distribution, etc. London ;
-- New York [etc.] :
Name of publisher, distributor, etc. Pub. for the British Council by Longmans, Green & Co,
Date of publication, distribution, etc. 1948.
300 ## - PHYSICAL DESCRIPTION
Pagination 144, [1] p. incl. front. :
Illustrations illus. (ports.) ;
Size 21 cm
500 ## - GENERAL NOTE
General note "First published in 1943."
650 #0 - SUBJECT ADDED ENTRY--TOPICAL TERM
Topical term or geographic name as entry element English literature
Chronological subdivision 20th century
General subdivision History and criticism
9 (RLIN) 55220
Topical term or geographic name as entry element English literature
Chronological subdivision 19th century
General subdivision History and criticism
9 (RLIN) 73145
710 2# - ADDED ENTRY--CORPORATE NAME
Corporate name or jurisdiction name as entry element British Council.
9 (RLIN) 73146
942 ## - ADDED ENTRY ELEMENTS (KOHA)
Source of classification or shelving scheme Dewey Decimal Classification
Koha item type Books
Holdings
Lost status Source of classification or shelving scheme Damaged status Not for loan Collection code Permanent Location Current Location Shelving location Date acquired Source of acquisition Cost, normal purchase price Total Checkouts Full call number Date last seen Copy number Koha item type
  Dewey Decimal Classification   Added to bundle Fiction Central Library, University of Rajshahi Central Library, University of Rajshahi Reading Room 20/10/1955 Mokarram 4.10   820.904 CHB 1948 11/03/2014 C-1 Books